¡Suelta el globo! / (Registro nro. 11635)

Detalles MARC
000 -LIDER
fixed length control field 01141nam a22003737a 4500
001 - NÚMERO DE CONTROL
Identificador de número de control 063
003 - IDENTIFICACDOR DE NÚMERO DE CONTROL
control field DO-SdBNP
005 - DATE AND TIME OF LATEST TRANSACTION
control field 20180220153646.0
007 - CAMPOS FIJOS DE DESCRIPCIÓN FÍSICA
fixed length control field 063
008 - ELEMENTOS DE LONGITUD FIJA
fixed length control field 151005b1991sp 00| 0 spa d
020 ## - ISBN
International Standard Book Number 8434808315
040 ## - FUENTE DE CATALOGACIÓN
Agencia que crea de manera original el registro BPMSU
Idioma de catalogación spa
Agencia que realiza la transcripción BPMSU
082 ## - NÚMERO DE CLASIFICACIÓN DECIMAL DE DEWEY
Classification number 823.91
Item number S726g
092 ## - LOCALLY ASSIGNED DEWEY DECIMAL CALL NUMBER
Número de clasificación
Número de ítem (Cutter)
100 1# - ASIENTO PRINCIPAL -- NOMBRE PERSONAL
Nombre personal Southall, Iván
Fechas asociadas con el nombre 1921-
240 10 - TITULO UNIFORME
Título uniforme Let the balloon go
Fecha de una obra
Idioma de una obra Espñaol
245 10 - MENCIÓN DE TITULO
Título ¡Suelta el globo! /
Mención de responsabilidad Iván Southall ; ilustraciones A. Albarrán, A. Perera ; traducción Jesús Valiente ; colección dirigida por Marinella Terzi
250 ## - MENCIÓN DE EDICION
Mención de edición 10a. ed.
260 ## - PUBLICACIÓN, DISTRIBUCIÓN, ETC. (PIE DE IMPRENTA)
Lugar de publicación, distribución, etc Madrid :
Nombre del editor, distribuidor, etc. Ediciones SM,
Fecha de publicación, distribución, etc 1991
300 ## - DESCRIPCIÓN FÍSICA
Extensión 156 p. :
Otros detalles físicos il. ;
Dimensiones 20 cm.
490 1# - MENCIÓN DE SERIES
Mención de serie El barco de vapor
-- Roja
Volume/sequential designation 4
500 ## - NOTA GENERAL
Nota general A partir de 12 años
521 1# - TARGET AUDIENCE NOTE
Target audience note A partir de los 12 años
650 ## - ENCABEZAMIENTO DE MATERIA--TEMÁTICO
Fuente del encabezamiento o término CUENTOS JUVENILES INGLESES
700 12 - ASIENTO SECUNDARIO -- NOMBRE PERSONAL
Nombre personal Terzi, Marinella
Mención de responsabilidad dir.
700 12 - ASIENTO SECUNDARIO -- NOMBRE PERSONAL
Nombre personal Albarrán, A.
Mención de responsabilidad il.
700 12 - ASIENTO SECUNDARIO -- NOMBRE PERSONAL
Nombre personal Perera, A.
Mención de responsabilidad il.
700 12 - ASIENTO SECUNDARIO -- NOMBRE PERSONAL
Nombre personal Valiente, Jesús
Mención de responsabilidad trad.
830 #0 - ASIENTO SECUNDARIO DE SERIE--TÍTULO UNIFORME
Título uniforme Barco de vapor ;
Número de la parte o sección de una obra 4
Nombre de la parte o sección de una obra Roja
910 ## - VALIDACIÓN
Validación
942 ## - ADDED ENTRY ELEMENTS (KOHA)
Source of classification or shelving scheme Dewey Decimal Classification
Koha item type Libros
945 ## - INFORMACIÓN DE PROCESAMIENTO LOCAL
Información de procesamiento local Inventariado, 2018 / BT
956 ## - LOCAL ELECTRONIC LOCATION AND ACCESS (OCLC)
Nombre de host VMATEO
Número de acceso 10
Información de compresión 20161020
Trayectoria BPMSU
Nombre Electrónico 0069
Existencias
Withdrawn status Lost status Source of classification or shelving scheme Damaged status Not for loan Collection code Home library Current library Date acquired Source of acquisition Total Checkouts Full call number Barcode Date last seen Price effective from Koha item type
    Dewey Decimal Classification     Colección Infantil General Biblioteca Pública Metropolitana Salomé Ureña Biblioteca Pública Metropolitana Salomé Ureña 10/20/2016 Agencia de Cooperación Internacional del Japón   823.91 S726g 1991 BPMSU16100306 10/20/2016 10/20/2016 Libros